Glimpses of emerging trends in trade and development/ (Record no. 8963)

MARC details
000 -LEADER
fixed length control field 00725 a2200229 4500
010 ## - LIBRARY OF CONGRESS CONTROL NUMBER
LC control number ENG-88655
020 ## - INTERNATIONAL STANDARD BOOK NUMBER
Terms of availability 950.00
International Standard Book Number 8183188913
035 ## - SYSTEM CONTROL NUMBER
System control number EN-72188
037 ## - SOURCE OF ACQUISITION
Source of stock number/acquisition DBAD / PUB
082 14 - DEWEY DECIMAL CLASSIFICATION NUMBER
Classification number 382.0954
090 ## - LOCALLY ASSIGNED LC-TYPE CALL NUMBER (OCLC); LOCAL CALL NUMBER (OCLC)
-- 9128
-- 9128
245 1# - TITLE STATEMENT
Title Glimpses of emerging trends in trade and development/
Statement of responsibility, etc edited by V .B. Angadi ... [et. al]
260 ## - PUBLICATION, DISTRIBUTION, ETC. (IMPRINT)
Place of publication, distribution, etc New Delhi
Name of publisher, distributor, etc Himalaya Publishing House
Date of publication, distribution, etc 2007
300 ## - PHYSICAL DESCRIPTION
Extent 409p. :
Dimensions 22cm (Hb)
500 ## - GENERAL NOTE
General note Includes index
700 ## - ADDED ENTRY--PERSONAL NAME
Personal name Angadi, V.B.
700 ## - ADDED ENTRY--PERSONAL NAME
Personal name Cheema, H.S.
700 ## - ADDED ENTRY--PERSONAL NAME
Personal name Raina, Ashok Kumar
700 ## - ADDED ENTRY--PERSONAL NAME
Personal name Kulkarni, S.V.
942 ## - ADDED ENTRY ELEMENTS (KOHA)
Institution code [OBSOLETE] dpl
Koha item type English Books
Call number prefix 382.0954 / GLI
Holdings
Withdrawn status Lost status Source of classification or shelving scheme Damaged status Not for loan Collection code Home library Current library Source of acquisition Cost, normal purchase price Total Checkouts Full call number Barcode Date last seen Copy number Uniform Resource Identifier Cost, replacement price Price effective from Koha item type
    Dewey Decimal Classification   Not For Loan Non-fiction D.B.Act.Division D.B.Act.Division DBAD/PUB 950.00   382.0954 GLI EN-72188 15/09/2008 1 9911 950.00 15/09/2008 English Books

© Delhi Public Library
Hit Counter
free hit counter